Starcraft 2 : Unités Protoss - Statistiques

Statistiques générales
  • Ce quiz a été pris 59 fois
  • Le résultat moyen est 15 sur 19
Statistiques - réponses
Réponse % Correct
Portail Zélote / Zealot
100%
Nexus Sonde / Probe
96%
Traqueur / Stalker
96%
Immortel / Immortal
90%
Nexus Vaisseau Mère / Mothership
90%
Unité fusionnée Archonte / Archon
88%
Colosse / Colossus
88%
Templier noir / Dark Templar
88%
Porte Spatiale Phénix / Phoenix
85%
Haut templier / High Templar
83%
Disloqueur / Void Ray
81%
Porte-nefs / Carrier
79%
Complexe robotique Observateur / Observer
75%
Sentinelle / Sentry
75%
Oracle
67%
Tempête / Tempest
65%
Prisme de Transfert / Warp Prism
52%
Unité invoquée le précédent Intercepteur / Interceptor
46%
Unité supprimée du mutlijoueur Noyau de Vaisseau Mère / Mothership core
44%
Aucun quiz correspondant
Distribution des résultats
% des personnes avec chaque résultat
Percentile par nombre de réponses
Votre historique - résultats
Vous n’avez pas pris ce quiz